| 000 | 00341nam a2200121Ia 4500 | ||
|---|---|---|---|
| 005 | 20260326235450.0 | ||
| 008 | 260326s9999||||xx |||||||||||||| ||und|| | ||
| 100 | _aGore, Al | ||
| 245 | 0 |
_aUna verdad incómoda : _b La crisis Planetaria del calentamiento global y como afrontarla / _cAl Gore |
|
| 260 | _bGedisa | ||
| 300 | _a325 p. | ||
| 942 | _cBK | ||
| 999 |
_c7716 _d7716 |
||